MIMS : (Record no. 21787)
[ view plain ]
| 000 -LEADER | |
|---|---|
| fixed length control field | 00544nam a2200181 a 4500 |
| 005 - DATE AND TIME OF LATEST TRANSACTION | |
| control field | 20140310183340.0 |
| 008 - FIXED-LENGTH DATA ELEMENTS--GENERAL INFORMATION | |
| fixed length control field | 061130s19uu xx 00 eng d |
| 020 ## - INTERNATIONAL STANDARD BOOK NUMBER | |
| International Standard Book Number | 0218-4206 |
| 050 ## - LIBRARY OF CONGRESS CALL NUMBER | |
| Classification number | RM 138 |
| Item number | .C454 2006 |
| 100 ## - MAIN ENTRY--PERSONAL NAME | |
| Personal name | Chan, Wong Mei. |
| 245 ## - TITLE STATEMENT | |
| Title | MIMS : |
| Remainder of title | Philippines Index of Medical Specialities./ |
| Statement of responsibility, etc | Wong Mei Chan. |
| 250 ## - EDITION STATEMENT | |
| Edition statement | 107 ed. |
| 260 ## - PUBLICATION, DISTRIBUTION, ETC. (IMPRINT) | |
| Place of publication, distribution, etc | Singapore : |
| Name of publisher, distributor, etc | CMPMedica Asia Pte Ltd, |
| Date of publication, distribution, etc | 2006. |
| 300 ## - PHYSICAL DESCRIPTION | |
| Extent | 455 p. : |
| Other physical details | ill. col. ; |
| Dimensions | 21 cm. |
| 650 ## - SUBJECT ADDED ENTRY--TOPICAL TERM | |
| Topical term or geographic name as entry element | Drugs |
| General subdivision | handbooks, manuals, etc. |
| 942 ## - ADDED ENTRY ELEMENTS (KOHA) | |
| Koha item type | Books |
| Source of classification or shelving scheme | Library of Congress Classification |
| Call number prefix | Local |
| Withdrawn status | Lost status | Source of classification or shelving scheme | Damaged status | Home library | Current library | Shelving location | Date acquired | Total Checkouts | Total Renewals | Full call number | Barcode | Date last seen | Date checked out | Copy number | Price effective from | Koha item type |
|---|---|---|---|---|---|---|---|---|---|---|---|---|---|---|---|---|
| Library of Congress Classification | College Library | College Library | Filipiniana Section | 11/30/2006 | 6 | 14 | RM 138 .C454 2006 | C7924 | 05/07/2019 | 02/19/2019 | 1 | 03/10/2014 | Books |